[Event "DVM U16 2020"]
[Site "Willingen GER"]
[Date "2021.06.27"]
[Round "7"]
[White "Seinsoth, Paul"]
[Black "Rempe, Jonas"]
[Result "1-0"]
[Termination "normal"]
[Board "6.2"]
[WhiteElo "1737"]
[BlackElo "1957"]
[WhiteClock "00:02:22"]
[BlackClock "00:13:09"]
[WhiteTeam "Erfurter Schachklub"]
[BlackTeam "SK Doppelbauer Kiel"]
[PlyCount "121"]
[WhiteFideId "12994634"]
[BlackFideId "16202406"]
[EventCountry "GER"]
[EventRounds "7"]
[EventType "team-swiss"]
[EventDate "2021.06.23"]

1. e4 {[%clk 1:30:57]} 1... e5 {[%clk 1:30:48]} 2. Nf3 {[%clk 1:30:52]} 2...
Nc6 {[%clk 1:31:13]} 3. Bb5 {[%clk 1:31:09]} 3... a6 {[%clk 1:31:38]} 4. Ba4 {
[%clk 1:31:24]} 4... Nf6 {[%clk 1:32:03]} 5. O-O {[%clk 1:31:23]} 5... Be7 {
[%clk 1:32:29]} 6. Re1 {[%clk 1:31:36]} 6... b5 {[%clk 1:32:54]} 7. Bb3 { [%clk
1:32:00]} 7... O-O {[%clk 1:33:17]} 8. d4 {[%clk 1:32:06]} 8... exd4 { [%clk
1:32:58]} 9. e5 {[%clk 1:30:36]} 9... Ne8 {[%clk 1:33:15]} 10. Bd5 { [%clk
1:28:36]} 10... Rb8 {[%clk 1:31:51]} 11. Nxd4 {[%clk 1:23:42]} 11... Nxd4
{[%clk 1:31:29]} 12. Qxd4 {[%clk 1:24:03]} 12... c6 {[%clk 1:30:18]} 13. Bf3 {
[%clk 1:23:39]} 13... c5 {[%clk 1:29:57]} 14. Qd1 {[%clk 1:23:14]} 14... d6 {
[%clk 1:23:51]} 15. Bf4 {[%clk 1:19:51]} 15... dxe5 {[%clk 1:23:42]} 16. Qxd8 {
[%clk 1:20:03]} 16... Bxd8 {[%clk 1:24:08]} 17. Bxe5 {[%clk 1:20:24]} 17... Bc7
{[%clk 1:24:34]} 18. Nc3 {[%clk 1:19:01]} 18... Bf5 {[%clk 1:22:26]} 19. Nd5 {
[%clk 1:15:09]} 19... Bxe5 {[%clk 1:06:37]} 20. Rxe5 {[%clk 1:15:23]} 20...
Bxc2 {[%clk 1:06:59]} 21. Rc1 {[%clk 1:14:41]} 21... Bg6 {[%clk 0:56:38]} 22.
Ne7+ {[%clk 1:13:26]} 22... Kh8 {[%clk 0:57:02]} 23. Nxg6+ {[%clk 1:12:47]}
23... hxg6 {[%clk 0:56:44]} 24. Rexc5 {[%clk 1:12:10]} 24... Nd6 { [%clk
0:51:19]} 25. Rc7 {[%clk 1:06:54]} 25... Nf5 {[%clk 0:47:19]} 26. Bd5 { [%clk
0:55:36]} 26... Kg8 {[%clk 0:39:01]} 27. h3 {[%clk 0:46:49]} 27... Nd4 { [%clk
0:36:46]} 28. Rd1 {[%clk 0:35:38]} 28... Ne2+ {[%clk 0:37:09]} 29. Kf1 { [%clk
0:35:23]} 29... Nf4 {[%clk 0:37:34]} 30. Bb3 {[%clk 0:34:19]} 30... a5 { [%clk
0:36:49]} 31. Rdd7 {[%clk 0:29:16]} 31... Rbd8 {[%clk 0:34:09]} 32. Rxf7 {[%clk
0:24:02]} 32... Rxf7 {[%clk 0:34:36]} 33. Rxf7 {[%clk 0:23:39]} 33... Rd1+
{[%clk 0:34:59]} 34. Bxd1 {[%clk 0:24:06]} 34... Kxf7 {[%clk 0:35:22]} 35. g3
{[%clk 0:18:11]} 35... Nd3 {[%clk 0:31:27]} 36. Be2 {[%clk 0:15:03]} 36... Nxb2
{[%clk 0:31:46]} 37. Bxb5 {[%clk 0:15:29]} 37... Nd1 {[%clk 0:32:08]} 38. Bc4+
{[%clk 0:15:29]} 38... Kf6 {[%clk 0:32:29]} 39. Ke2 {[%clk 0:14:41]} 39... Nb2
{[%clk 0:31:05]} 40. Bb5 {[%clk 0:13:44]} 40... Ke5 {[%clk 0:30:50]} 41. Kd2
{[%clk 0:13:46]} 41... a4 {[%clk 0:30:43]} 42. Kc2 {[%clk 0:12:26]} 42... a3
{[%clk 0:31:07]} 43. Kb3 {[%clk 0:10:18]} 43... Nd1 {[%clk 0:31:31]} 44. f4+
{[%clk 0:10:24]} 44... Kd4 {[%clk 0:31:15]} 45. Be8 {[%clk 0:10:25]} 45... Nf2
{[%clk 0:31:33]} 46. Kxa3 {[%clk 0:09:52]} 46... Kc5 {[%clk 0:30:21]} 47. Kb3 {
[%clk 0:08:21]} 47... Ne4 {[%clk 0:30:04]} 48. Bxg6 {[%clk 0:07:55]} 48... Nxg3
{[%clk 0:30:29]} 49. a4 {[%clk 0:08:03]} 49... Ne2 {[%clk 0:27:02]} 50. f5 {
[%clk 0:07:54]} 50... Nd4+ {[%clk 0:25:08]} 51. Ka3 {[%clk 0:07:16]} 51... Nf3
{[%clk 0:25:07]} 52. Be8 {[%clk 0:06:41]} 52... Nd4 {[%clk 0:20:46]} 53. Bd7 {
[%clk 0:05:44]} 53... Kd6 {[%clk 0:21:09]} 54. Be6 {[%clk 0:05:44]} 54... g6 {
[%clk 0:21:20]} 55. fxg6 {[%clk 0:02:14]} 55... Kxe6 {[%clk 0:21:42]} 56. h4 {
[%clk 0:02:09]} 56... Kf6 {[%clk 0:14:31]} 57. h5 {[%clk 0:02:24]} 57... Ne6 {
[%clk 0:14:43]} 58. a5 {[%clk 0:02:18]} 58... Kg7 {[%clk 0:14:09]} 59. Kb4 {
[%clk 0:02:10]} 59... Kh6 {[%clk 0:12:51]} 60. a6 {[%clk 0:02:06]} 60... Nd8 {
[%clk 0:13:09]} 61. Kb5 {[%clk 0:02:22]} 1-0

[Event "DVM U16 2020"]
[Site "Willingen GER"]
[Date "2021.06.27"]
[Round "7"]
[White "Steinbach, Julian"]
[Black "Nakhle, Fabrice"]
[Result "1-0"]
[Termination "normal"]
[Board "6.3"]
[WhiteElo "1704"]
[BlackElo "1254"]
[WhiteClock "01:07:39"]
[BlackClock "00:05:30"]
[WhiteTeam "SK Doppelbauer Kiel"]
[BlackTeam "Erfurter Schachklub"]
[PlyCount "119"]
[WhiteFideId "16247973"]
[BlackFideId "34606009"]
[EventCountry "GER"]
[EventRounds "7"]
[EventType "team-swiss"]
[EventDate "2021.06.23"]

1. e4 {[%clk 1:30:55]} 1... c5 {[%clk 1:30:53]} 2. Nf3 {[%clk 1:31:18]} 2... a6
{[%clk 1:30:59]} 3. c3 {[%clk 1:31:37]} 3... e6 {[%clk 1:18:16]} 4. d4 { [%clk
1:31:40]} 4... d5 {[%clk 1:18:28]} 5. e5 {[%clk 1:31:40]} 5... c4 { [%clk
1:15:48]} 6. Be2 {[%clk 1:31:30]} 6... Be7 {[%clk 1:15:37]} 7. O-O { [%clk
1:31:31]} 7... Nc6 {[%clk 1:12:20]} 8. Nbd2 {[%clk 1:30:47]} 8... Nh6 { [%clk
1:10:23]} 9. Re1 {[%clk 1:31:05]} 9... Nf5 {[%clk 1:10:25]} 10. Nf1 { [%clk
1:30:56]} 10... O-O {[%clk 1:09:24]} 11. Ne3 {[%clk 1:30:36]} 11... Kh8 { [%clk
1:03:10]} 12. Nxf5 {[%clk 1:30:19]} 12... exf5 {[%clk 1:02:36]} 13. Nd2 { [%clk
1:30:05]} 13... Rg8 {[%clk 0:57:21]} 14. f4 {[%clk 1:28:24]} 14... Bh4 { [%clk
0:47:59]} 15. g3 {[%clk 1:28:16]} 15... Be7 {[%clk 0:43:11]} 16. Nf3 { [%clk
1:27:05]} 16... Be6 {[%clk 0:31:44]} 17. b3 {[%clk 1:24:47]} 17... b5 { [%clk
0:26:51]} 18. a4 {[%clk 1:22:51]} 18... Qd7 {[%clk 0:24:40]} 19. Ba3 { [%clk
1:21:56]} 19... Bxa3 {[%clk 0:23:06]} 20. Rxa3 {[%clk 1:21:57]} 20... Rgb8
{[%clk 0:19:36]} 21. b4 {[%clk 1:20:32]} 21... h6 {[%clk 0:19:10]} 22. a5
{[%clk 1:20:09]} 22... Re8 {[%clk 0:17:25]} 23. Kf2 {[%clk 1:18:11]} 23... Qe7
{[%clk 0:17:02]} 24. Qd2 {[%clk 1:17:45]} 24... Qf8 {[%clk 0:16:51]} 25. Rg1 {
[%clk 1:16:22]} 25... Ra7 {[%clk 0:14:34]} 26. Raa1 {[%clk 1:15:52]} 26... Bc8
{[%clk 0:14:09]} 27. h3 {[%clk 1:15:19]} 27... Ne7 {[%clk 0:12:38]} 28. Rh1 {
[%clk 1:13:50]} 28... f6 {[%clk 0:11:57]} 29. Rag1 {[%clk 1:14:00]} 29... Qf7 {
[%clk 0:11:51]} 30. g4 {[%clk 1:12:01]} 30... Rg8 {[%clk 0:09:28]} 31. g5 {
[%clk 1:10:40]} 31... fxg5 {[%clk 0:07:54]} 32. fxg5 {[%clk 1:11:00]} 32... Ng6
{[%clk 0:07:56]} 33. gxh6 {[%clk 1:08:16]} 33... Qf8 {[%clk 0:04:35]} 34. Rxg6
{[%clk 1:08:30]} 34... f4 {[%clk 0:04:27]} 35. Rhg1 {[%clk 1:07:33]} 35... Bxh3
{[%clk 0:03:48]} 36. hxg7+ {[%clk 1:00:16]} 36... Rgxg7 {[%clk 0:04:06]} 37.
Rxg7 {[%clk 0:59:54]} 37... Rxg7 {[%clk 0:04:34]} 38. Rh1 {[%clk 0:59:30]}
38... Qf5 {[%clk 0:04:36]} 39. Bf1 {[%clk 0:59:39]} 39... Rh7 {[%clk 0:04:42]}
40. Bxh3 {[%clk 0:59:54]} 40... Rxh3 {[%clk 0:04:49]} 41. Rxh3+ {[%clk 1:00:17]
} 41... Qxh3 {[%clk 0:05:16]} 42. Qxf4 {[%clk 1:00:40]} 42... Qh5 { [%clk
0:03:32]} 43. Qh4 {[%clk 1:01:01]} 43... Qxh4+ {[%clk 0:03:27]} 44. Nxh4 {[%clk
1:01:29]} 44... Kg7 {[%clk 0:03:50]} 45. Ke3 {[%clk 1:01:49]} 45... Kf7 {[%clk
0:04:10]} 46. Kf4 {[%clk 1:02:11]} 46... Ke6 {[%clk 0:04:14]} 47. Kg5 { [%clk
1:02:27]} 47... Ke7 {[%clk 0:04:22]} 48. Kf5 {[%clk 1:02:54]} 48... Kd7 { [%clk
0:04:26]} 49. Kf6 {[%clk 1:03:20]} 49... Kd8 {[%clk 0:04:33]} 50. e6 { [%clk
1:03:46]} 50... Ke8 {[%clk 0:04:07]} 51. e7 {[%clk 1:04:13]} 51... Kd7 { [%clk
0:04:32]} 52. Kf7 {[%clk 1:04:37]} 52... Kc7 {[%clk 0:04:11]} 53. e8=Q { [%clk
1:05:01]} 53... Kb7 {[%clk 0:04:17]} 54. Qe6 {[%clk 1:05:25]} 54... Ka7 { [%clk
0:04:32]} 55. Qc6 {[%clk 1:05:49]} 55... Kb8 {[%clk 0:04:21]} 56. Qd7 { [%clk
1:06:13]} 56... Ka8 {[%clk 0:04:39]} 57. Ke6 {[%clk 1:06:42]} 57... Kb8 { [%clk
0:04:53]} 58. Kd6 {[%clk 1:07:10]} 58... Ka8 {[%clk 0:05:15]} 59. Kc6 { [%clk
1:07:39]} 59... Kb8 {[%clk 0:05:30]} 60. Qb7# 1-0

[Event "DVM U16 2020"]
[Site "Willingen GER"]
[Date "2021.06.27"]
[Round "7"]
[White "Wang, Xinyuan"]
[Black "Burgtorf, Benjamin"]
[Result "1-0"]
[Termination "normal"]
[Board "7.1"]
[WhiteElo "1759"]
[BlackElo "1773"]
[WhiteClock "00:23:43"]
[BlackClock "00:24:20"]
[WhiteTeam "Karlsruher SF 1853"]
[BlackTeam "SchVgg Blankenese von 1923 e.V."]
[PlyCount "101"]
[WhiteFideId "16221494"]
[BlackFideId "16242920"]
[EventCountry "GER"]
[EventRounds "7"]
[EventType "team-swiss"]
[EventDate "2021.06.23"]

1. d4 {[%clk 1:30:49]} 1... e6 {[%clk 1:30:17]} 2. c4 {[%clk 1:30:30]} 2... f5
{[%clk 1:29:49]} 3. Nc3 {[%clk 1:29:39]} 3... Nf6 {[%clk 1:29:48]} 4. Bg5 {
[%clk 1:29:29]} 4... Be7 {[%clk 1:28:47]} 5. g3 {[%clk 1:22:44]} 5... O-O {
[%clk 1:24:49]} 6. Bg2 {[%clk 1:22:59]} 6... d6 {[%clk 1:22:28]} 7. Nf3 { [%clk
1:22:50]} 7... a5 {[%clk 1:21:00]} 8. O-O {[%clk 1:20:32]} 8... Ne4 { [%clk
1:15:49]} 9. Bxe7 {[%clk 1:02:37]} 9... Qxe7 {[%clk 1:15:15]} 10. Qc2 { [%clk
1:01:19]} 10... Nxc3 {[%clk 1:12:55]} 11. Qxc3 {[%clk 1:01:24]} 11... Nd7
{[%clk 1:10:21]} 12. Rae1 {[%clk 0:59:01]} 12... e5 {[%clk 1:05:50]} 13. e4 {
[%clk 0:49:21]} 13... f4 {[%clk 1:02:06]} 14. Kh1 {[%clk 0:44:20]} 14... g5 {
[%clk 0:58:29]} 15. gxf4 {[%clk 0:39:36]} 15... g4 {[%clk 0:58:05]} 16. Ng1 {
[%clk 0:31:43]} 16... exf4 {[%clk 0:56:37]} 17. f3 {[%clk 0:31:47]} 17... g3 {
[%clk 0:52:06]} 18. hxg3 {[%clk 0:26:30]} 18... fxg3 {[%clk 0:50:20]} 19. f4 {
[%clk 0:26:45]} 19... Qh4+ {[%clk 0:49:46]} 20. Nh3 {[%clk 0:26:55]} 20... Nf6
{[%clk 0:40:06]} 21. f5 {[%clk 0:26:59]} 21... Nh5 {[%clk 0:34:19]} 22. Qe3 {
[%clk 0:23:06]} 22... Bd7 {[%clk 0:28:06]} 23. Qg5+ {[%clk 0:21:45]} 23... Qxg5
{[%clk 0:28:34]} 24. Nxg5 {[%clk 0:22:06]} 24... Rae8 {[%clk 0:25:02]} 25. Nh3
{[%clk 0:18:25]} 25... b5 {[%clk 0:17:02]} 26. b3 {[%clk 0:17:45]} 26... a4 {
[%clk 0:13:52]} 27. Bf3 {[%clk 0:16:04]} 27... Ng7 {[%clk 0:12:03]} 28. Kg2 {
[%clk 0:15:18]} 28... bxc4 {[%clk 0:09:53]} 29. bxc4 {[%clk 0:15:11]} 29... Rb8
{[%clk 0:10:16]} 30. Rb1 {[%clk 0:14:10]} 30... a3 {[%clk 0:09:39]} 31. Kxg3 {
[%clk 0:12:52]} 31... Rb2 {[%clk 0:09:39]} 32. Ra1 {[%clk 0:08:14]} 32... Rfb8
{[%clk 0:08:33]} 33. Nf4 {[%clk 0:07:03]} 33... Rc2 {[%clk 0:06:53]} 34. Nd5 {
[%clk 0:06:02]} 34... Kf7 {[%clk 0:06:21]} 35. Rh1 {[%clk 0:04:10]} 35... c6 {
[%clk 0:05:37]} 36. Ne3 {[%clk 0:04:21]} 36... Rc3 {[%clk 0:05:47]} 37. Kf4 {
[%clk 0:04:26]} 37... Rd3 {[%clk 0:01:01]} 38. Rxh7 {[%clk 0:01:37]} 38... Re8
{[%clk 0:00:32]} 39. Bh5+ {[%clk 0:01:39]} 39... Kg8 {[%clk 0:00:56]} 40. Bxe8
{[%clk 0:01:28]} 40... Bxe8 {[%clk 0:01:07]} 41. Rah1 {[%clk 0:00:31]} 41...
Rxd4 {[%clk 0:30:14]} 42. f6 {[%clk 0:28:39]} 42... Ne6+ {[%clk 0:28:21]} 43.
Kf5 {[%clk 0:28:51]} 43... Bg6+ {[%clk 0:28:37]} 44. Kxg6 {[%clk 0:27:32]}
44... Nf8+ {[%clk 0:29:06]} 45. Kf5 {[%clk 0:25:25]} 45... Nxh7 {[%clk 0:28:33]
} 46. f7+ {[%clk 0:24:04]} 46... Kxf7 {[%clk 0:27:32]} 47. Rxh7+ { [%clk
0:24:24]} 47... Ke8 {[%clk 0:27:48]} 48. Ra7 {[%clk 0:23:42]} 48... Rd3 { [%clk
0:27:32]} 49. Ke6 {[%clk 0:23:42]} 49... Kd8 {[%clk 0:25:39]} 50. Nf5 { [%clk
0:23:44]} 50... d5 {[%clk 0:24:20]} 51. Nd6 {[%clk 0:23:43]} 1-0

[Event "DVM U16 2020"]
[Site "Willingen GER"]
[Date "2021.06.27"]
[Round "7"]
[White "von Rosen, Jakob"]
[Black "Kravtsov, Maksim"]
[Result "0-1"]
[Termination "normal"]
[Board "7.2"]
[WhiteElo "1722"]
[BlackElo "1805"]
[WhiteClock "00:02:22"]
[BlackClock "00:23:53"]
[WhiteTeam "SchVgg Blankenese von 1923 e.V."]
[BlackTeam "Karlsruher SF 1853"]
[PlyCount "166"]
[WhiteFideId "12982989"]
[BlackFideId "54173868"]
[EventCountry "GER"]
[EventRounds "7"]
[EventType "team-swiss"]
[EventDate "2021.06.23"]

1. e4 {[%clk 1:30:55]} 1... e6 {[%clk 1:27:57]} 2. d4 {[%clk 1:31:20]} 2... d5
{[%clk 1:28:21]} 3. Nd2 {[%clk 1:31:42]} 3... c5 {[%clk 1:28:35]} 4. exd5 {
[%clk 1:32:00]} 4... exd5 {[%clk 1:28:03]} 5. Ngf3 {[%clk 1:30:17]} 5... Bd6 {
[%clk 1:27:38]} 6. dxc5 {[%clk 1:28:12]} 6... Bxc5 {[%clk 1:27:58]} 7. Nb3 {
[%clk 1:23:42]} 7... Bb6 {[%clk 1:25:03]} 8. Bb5+ {[%clk 1:20:20]} 8... Nc6 {
[%clk 1:25:04]} 9. O-O {[%clk 1:16:29]} 9... Nge7 {[%clk 1:25:05]} 10. Bf4 {
[%clk 1:11:39]} 10... O-O {[%clk 1:24:43]} 11. c3 {[%clk 1:08:37]} 11... Bg4 {
[%clk 1:19:41]} 12. h3 {[%clk 1:06:30]} 12... Bh5 {[%clk 1:17:44]} 13. Qd3 {
[%clk 1:04:52]} 13... Bg6 {[%clk 1:17:04]} 14. Qd2 {[%clk 1:03:57]} 14... f6 {
[%clk 1:16:07]} 15. Nbd4 {[%clk 0:59:50]} 15... Bxd4 {[%clk 1:14:44]} 16. Nxd4
{[%clk 0:59:12]} 16... Nxd4 {[%clk 1:14:23]} 17. Qxd4 {[%clk 0:59:22]} 17...
Nc6 {[%clk 1:13:18]} 18. Qd2 {[%clk 0:57:49]} 18... Ne5 {[%clk 1:05:58]} 19.
Rad1 {[%clk 0:53:10]} 19... Qb6 {[%clk 1:05:37]} 20. Ba4 {[%clk 0:36:10]} 20...
Rad8 {[%clk 1:04:58]} 21. Bb3 {[%clk 0:28:58]} 21... Bf7 {[%clk 1:03:18]} 22.
Be3 {[%clk 0:26:25]} 22... Qc6 {[%clk 0:59:48]} 23. Qd4 {[%clk 0:23:10]} 23...
b6 {[%clk 0:59:26]} 24. Qa4 {[%clk 0:21:03]} 24... Qb7 {[%clk 0:57:52]} 25. Rd4
{[%clk 0:17:47]} 25... Be8 {[%clk 0:50:44]} 26. Qa3 {[%clk 0:16:29]} 26... Bc6
{[%clk 0:50:50]} 27. Rfd1 {[%clk 0:15:00]} 27... Ng6 {[%clk 0:34:27]} 28. Bc2 {
[%clk 0:12:16]} 28... Ne5 {[%clk 0:31:43]} 29. Qb3 {[%clk 0:11:05]} 29... Nc4 {
[%clk 0:30:21]} 30. Bc1 {[%clk 0:07:46]} 30... Qd7 {[%clk 0:28:45]} 31. a3 {
[%clk 0:02:40]} 31... Kh8 {[%clk 0:22:31]} 32. Qa2 {[%clk 0:02:55]} 32... b5 {
[%clk 0:21:04]} 33. b3 {[%clk 0:02:41]} 33... Ne5 {[%clk 0:19:57]} 34. c4 {
[%clk 0:01:18]} 34... Qb7 {[%clk 0:15:40]} 35. cxb5 {[%clk 0:01:00]} 35... Bxb5
{[%clk 0:15:49]} 36. Be4 {[%clk 0:00:51]} 36... Bc6 {[%clk 0:12:44]} 37. b4 {
[%clk 0:01:13]} 37... Nc4 {[%clk 0:12:49]} 38. Qxc4 {[%clk 0:00:59]} 38... dxc4
{[%clk 0:13:04]} 39. Rxd8 {[%clk 0:01:22]} 39... Rg8 {[%clk 0:13:03]} 40. R8d7
{[%clk 0:00:33]} 40... Qxd7 {[%clk 0:12:16]} 41. Rxd7 {[%clk 0:00:37]} 41...
Bxd7 {[%clk 0:12:39]} 42. Kf1 {[%clk 0:27:28]} 42... Bb5 {[%clk 0:42:19]} 43.
Bc2 {[%clk 0:25:45]} 43... Rd8 {[%clk 0:39:55]} 44. a4 {[%clk 0:24:23]} 44...
Bc6 {[%clk 0:39:48]} 45. b5 {[%clk 0:22:57]} 45... Be4 {[%clk 0:38:17]} 46.
Bxe4 {[%clk 0:22:14]} 46... Rd1+ {[%clk 0:38:42]} 47. Ke2 {[%clk 0:22:30]}
47... Rxc1 {[%clk 0:39:10]} 48. a5 {[%clk 0:18:17]} 48... Ra1 {[%clk 0:38:46]}
49. a6 {[%clk 0:18:09]} 49... Ra3 {[%clk 0:34:15]} 50. Kd2 {[%clk 0:17:06]}
50... g6 {[%clk 0:33:38]} 51. Kc2 {[%clk 0:16:41]} 51... Rb3 {[%clk 0:33:20]}
52. Bd5 {[%clk 0:15:03]} 52... Rxb5 {[%clk 0:33:25]} 53. Bxc4 {[%clk 0:15:23]}
53... Rb6 {[%clk 0:32:51]} 54. Kd3 {[%clk 0:15:17]} 54... Rd6+ {[%clk 0:32:58]}
55. Ke4 {[%clk 0:14:47]} 55... Kg7 {[%clk 0:33:07]} 56. f4 {[%clk 0:14:51]}
56... Kf8 {[%clk 0:33:05]} 57. g4 {[%clk 0:14:33]} 57... h6 {[%clk 0:27:47]}
58. h4 {[%clk 0:12:25]} 58... Ke7 {[%clk 0:23:09]} 59. h5 {[%clk 0:08:49]}
59... g5 {[%clk 0:22:30]} 60. fxg5 {[%clk 0:09:02]} 60... fxg5 {[%clk 0:22:50]}
61. Ke5 {[%clk 0:07:55]} 61... Rc6 {[%clk 0:22:21]} 62. Bd3 {[%clk 0:06:54]}
62... Rc5+ {[%clk 0:22:31]} 63. Kd4 {[%clk 0:06:35]} 63... Kd6 {[%clk 0:22:55]}
64. Bf5 {[%clk 0:05:49]} 64... Ra5 {[%clk 0:22:40]} 65. Bc8 {[%clk 0:05:03]}
65... Ra4+ {[%clk 0:22:41]} 66. Kd3 {[%clk 0:05:01]} 66... Ke5 {[%clk 0:23:01]}
67. Kc3 {[%clk 0:04:20]} 67... Kd5 {[%clk 0:22:54]} 68. Kb3 {[%clk 0:04:28]}
68... Rf4 {[%clk 0:23:07]} 69. Bd7 {[%clk 0:04:12]} 69... Kc5 {[%clk 0:23:14]}
70. Bc8 {[%clk 0:04:11]} 70... Kb5 {[%clk 0:22:45]} 71. Kb2 {[%clk 0:03:13]}
71... Kb4 {[%clk 0:23:04]} 72. Bf5 {[%clk 0:02:58]} 72... Rf2+ {[%clk 0:23:14]}
73. Kc1 {[%clk 0:03:15]} 73... Kc3 {[%clk 0:22:45]} 74. Kd1 {[%clk 0:03:24]}
74... Kd4 {[%clk 0:21:01]} 75. Bd7 {[%clk 0:03:30]} 75... Ke3 {[%clk 0:21:15]}
76. Be6 {[%clk 0:03:22]} 76... Kf4 {[%clk 0:21:27]} 77. Ke1 {[%clk 0:02:48]}
77... Rg2 {[%clk 0:21:41]} 78. Kf1 {[%clk 0:03:01]} 78... Rxg4 {[%clk 0:21:59]}
79. Kf2 {[%clk 0:03:11]} 79... Rh4 {[%clk 0:22:18]} 80. Bf7 {[%clk 0:02:10]}
80... Rh2+ {[%clk 0:22:41]} 81. Ke1 {[%clk 0:02:01]} 81... Ke3 {[%clk 0:23:01]}
82. Kf1 {[%clk 0:02:18]} 82... Rf2+ {[%clk 0:23:27]} 83. Kg1 {[%clk 0:02:22]}
83... Rxf7 {[%clk 0:23:53]} 0-1

[Event "DVM U16 2020"]
[Site "Willingen GER"]
[Date "2021.06.27"]
[Round "7"]
[White "Borodaev, Roman"]
[Black "Sell, Eero"]
[Result "1-0"]
[Termination "normal"]
[Board "7.3"]
[WhiteElo "1657"]
[BlackElo "1766"]
[WhiteClock "00:29:19"]
[BlackClock "00:01:53"]
[WhiteTeam "Karlsruher SF 1853"]
[BlackTeam "SchVgg Blankenese von 1923 e.V."]
[PlyCount "67"]
[WhiteFideId "16274881"]
[BlackFideId "34606041"]
[EventCountry "GER"]
[EventRounds "7"]
[EventType "team-swiss"]
[EventDate "2021.06.23"]

1. e4 {[%clk 1:30:59]} 1... c5 {[%clk 1:30:56]} 2. Nf3 {[%clk 1:31:26]} 2... g6
{[%clk 1:31:22]} 3. d4 {[%clk 1:31:51]} 3... cxd4 {[%clk 1:31:49]} 4. Nxd4 Nc6
5. c4 {[%clk 1:31:09]} 5... Bg7 {[%clk 1:31:50]} 6. Be3 {[%clk 1:31:34]} 6...
Nf6 {[%clk 1:25:25]} 7. Nc3 {[%clk 1:31:42]} 7... Qa5 8. f3 8... d6 { [%clk
1:21:24]} 9. Qd2 {[%clk 1:25:04]} 9... O-O {[%clk 1:19:25]} 10. Be2 { [%clk
1:25:24]} 10... Re8 {[%clk 1:16:47]} 11. O-O {[%clk 1:24:43]} 11... Rb8 { [%clk
1:11:31]} 12. a3 {[%clk 1:23:46]} 12... Bd7 {[%clk 1:07:04]} 13. b4 { [%clk
1:22:32]} 13... Qd8 {[%clk 1:05:19]} 14. Nxc6 {[%clk 1:20:37]} 14... Bxc6
{[%clk 1:04:29]} 15. Bxa7 {[%clk 1:13:06]} 15... Rc8 {[%clk 1:01:02]} 16. Bf2 {
[%clk 1:09:49]} 16... Nh5 {[%clk 0:57:22]} 17. Rac1 {[%clk 0:56:41]} 17... Bd7
{[%clk 0:52:07]} 18. Nd5 {[%clk 0:54:30]} 18... e5 {[%clk 0:40:36]} 19. Nb6 {
[%clk 0:49:14]} 19... Nf4 {[%clk 0:29:19]} 20. Be3 {[%clk 0:45:16]} 20... Bh6 {
[%clk 0:26:41]} 21. Nxc8 {[%clk 0:43:44]} 21... Bh3 {[%clk 0:20:46]} 22. Rf2 {
[%clk 0:40:16]} 22... Bxc8 {[%clk 0:09:12]} 23. Rd1 {[%clk 0:38:01]} 23... Qh4
{[%clk 0:02:41]} 24. Kh1 {[%clk 0:37:49]} 24... Nxg2 {[%clk 0:02:55]} 25. Rxg2
{[%clk 0:37:28]} 25... Bf4 26. Bxf4 {[%clk 0:35:29]} 26... exf4 {[%clk 0:03:21]
} 27. Bf1 {[%clk 0:35:29]} 27... Qh5 {[%clk 0:03:03]} 28. Qxf4 {[%clk 0:35:31]}
28... Re5 {[%clk 0:02:44]} 29. Rxd6 {[%clk 0:35:15]} 29... Bh3 {[%clk 0:02:44]}
30. Rg1 {[%clk 0:35:20]} 30... Bxf1 {[%clk 0:02:24]} 31. Rxf1 {[%clk 0:30:59]}
31... Re8 {[%clk 0:01:53]} 32. Rd5 {[%clk 0:30:59]} 32... Qh3 {[%clk 0:01:53]}
33. Rg1 {[%clk 0:29:19]} 33... Re6 34. Rd7 {[%clk 0:29:19]} 1-0